000 00673nam a2200241Ia 4500
003 OSt
005 20220923222835.0
006 a|||||r|||| 00| 0
007 ta
008 220922b |||||||| |||| 00| 0 hin d
024 _a208,357
037 _cTextual
040 _aARTS
_cARTS
_bhin
041 _2hin
_ahin
082 _aO152,3NSU,3, M7
100 _aशूलपाणि
_9156280
245 0 _aपहली किरण
246 _aPahalī kiraṇa
260 _aलखनऊ
_b सुलभ प्रका0
_c1987
300 _a269पृ.
_ccm.
942 _hO152,3NSU,3, M7
_cTEXL
_2CC
999 _c358953
_d358953